PLAGUE AND THE SOCIETY:COLONIAL LAY (Record no. 4617)

MARC details
000 -LEADER
fixed length control field 00436nam a22001577a 4500
008 - FIXED-LENGTH DATA ELEMENTS--GENERAL INFORMATION
fixed length control field 260316b |||||||| |||| 00| 0 eng d
020 ## - INTERNATIONAL STANDARD BOOK NUMBER
ISBN 9789785764640
100 ## - MAIN ENTRY--AUTHOR
Author FALEYE, OLUKAYODE A.
245 ## - TITLE STATEMENT
Title PLAGUE AND THE SOCIETY:COLONIAL LAY
260 ## - PUBLICATION, DISTRIBUTION, ETC. (IMPRINT)
Place of publication LAGOS
Name of publisher UNIVERSITY OF LAGOS PRESS AND BOOKSHOP LTD
Date of publication 2021
300 ## - COLLATION
Pagination XII, 162p.
Other physical details ILL.
650 ## - TRACINGS
Main Subject PUBLIC HEALTH
942 ## - ADDED ENTRY ELEMENTS (KOHA)
Item type Books
050 ## - LIBRARY OF CONGRESS CALL NUMBER
Classification number RA545
Item number .F35

No items available.